|
|
|
|
| LEADER |
00000nam0a2200000 4500 |
| 001 |
58922 |
| 005 |
20231101211754.0 |
| 010 |
|
|
|a 5110013780
|
| 035 |
|
|
|a (RuTPU)RU\TPU\book\62254
|
| 090 |
|
|
|a 58922
|
| 100 |
|
|
|a 20031210d1989 m y0rusy50 ca
|
| 101 |
0 |
|
|a rus
|
| 102 |
|
|
|a UA
|
| 105 |
|
|
|a a j 001zy
|
| 200 |
1 |
|
|a Технология порошковой металлургии
|e учебное пособие
|f А. Н. Степанчук, И. И. Билык, П. А. Бойко
|g Под ред. А. Н. Степанчука, В. Я. Шлюко
|
| 210 |
|
|
|a Киев
|c Выща школа
|d 1989
|
| 215 |
|
|
|a 415 с.
|c ил.
|
| 320 |
|
|
|a Библиогр.: с. 407.
|
| 320 |
|
|
|a Предметный указатель: с. 408-413.
|
| 606 |
1 |
|
|a Порошковая металлургия
|2 stltpush
|3 (RuTPU)RU\TPU\subj\68694
|9 83870
|
| 610 |
1 |
|
|a технология
|
| 610 |
1 |
|
|a антифрикционные материалы
|
| 610 |
1 |
|
|a проницаемые материалы
|
| 610 |
1 |
|
|a фрикционные материалы
|
| 610 |
1 |
|
|a твердые сплавы
|
| 610 |
1 |
|
|a композиционные материалы
|
| 610 |
1 |
|
|a электротехнические материалы
|
| 610 |
1 |
|
|a жаропрочные материалы
|
| 610 |
1 |
|
|a учебные пособия
|
| 675 |
|
|
|a 621.762(075.8)
|v 3
|
| 700 |
|
1 |
|a Степанчук
|b А. Н.
|g Анатолий Николаевич
|
| 701 |
|
1 |
|a Билык
|b И. И.
|g Игорь Иванович
|
| 701 |
|
1 |
|a Бойко
|b П. А.
|g Петр Антонович
|
| 702 |
|
1 |
|a Степанчук
|b А. Н.
|g Анатолий Николаевич
|4 340
|
| 702 |
|
1 |
|a Шлюко
|b В. Я.
|4 340
|
| 801 |
|
1 |
|a RU
|b 63413507
|c 20031210
|g PSBO
|
| 801 |
|
2 |
|a RU
|b 63413507
|c 20201014
|g PSBO
|
| 942 |
|
|
|c BK
|